00639nam a2200193Ia 4500952013500000999001700135003000400152005001700156008004100173020001800214040000900232082001800241100002700259245005500286260003700341300000900378650001500387942004300402 00102ddc40708LEXIaMESbMEScLEXICONd2019-02-20g1000.00l0o320.03 SAF/Sp32620r2019-02-20 00:00:00w2019-02-20yREFzU18R1 c36942d36942OSt20201218141156.0190216s9999||||xx |||||||||||||| ||und|| a9780679420682 coclc a320.03bSAF/S aSafire, William 96316 0aSafires New Political Dictionary /cWilliam Safire bRandom House, c1993.aNew York: a930p aReferences cREF2ddch320.03iSAF/Sk320.03mSAF/S